000 01249nam a2200301 a 4500
999 _c20340
_d20340
005 20181022082712.0
008 160229s2015 ck a gr 00010 spa d
020 _a9789585862524 (Colección)
020 _a9789585862548 (Color que soy)
040 _aCO-BoBLA
_cCO-BoBLA
_dCO-BoIAVH
041 0 _aspa
044 _ack
082 0 4 _a709.8
_bD69s1
245 1 0 _aDelcy Morelos :
_bcolor que soy /
_cJosé Ignacio Roca, Alejandro Martín ; ilustradora Delcy Morelos ; traductora Erika Tánacs ; prologuista Gerardo Mosquera.
246 3 0 _aColor que soy
250 _aPrimera edición
260 _aBogotá (Colombia) :
_bSeguros Bolívar,
_c2015.
300 _a112 páginas :
_bilustraciones y fotografías ;
_c29 x 25 cm.
490 0 _aColección de Arte Contemporáneo Seguros Bolívar
504 _aIncluye referencias bibliográficas.
600 1 0 _aMorelos, Delcy
_d1967-
_xTrabajos pictóricos
_vExposiciones
650 2 4 _aArte colombiano
_vExposiciones
_vCatálogos.
650 2 4 _aArtistas plásticos colombianos
_vExposiciones
_vCatálogos
700 1 _aRoca, José Ignacio
700 1 _aMartín, Alejandro
700 1 _aMorelos, Delcy
_d1967-
_eilustradora
942 _2ddc
_cLIBRO